00957 a2200205 4500001000400000020003000004041000800034082001100042100002800053250001000081300001000091490004500101520043000146521000700576830004500583856002400628040002500652245004100677260003300718102 a9780736434331 (paperback) apor a999999 aPosner-Sanchez, Andrea. a. ed. a19 p. aStep into reading. Step 1, Ready to read aGet to know Olaf, the funny and lovable snowman from Walt Disney Animation Studios' award-winning movie Frozen! Children ages 4-6 will love this Step 1 Step Into Reading leveled reader all about their favorite friendly snowman! Step 1 Readers feature big type and easy words. Rhymes and rhythmic text paired with picture clues help children decode the story. For children who know the alphabet and are eager to begin reading. aSK aStep into reading. Step 1, Ready to read u000017/00001729.jpg aBR-BrIDEAcBR-BrIDEA10aHello, Olaf!c Andrea Posner-Sanchez aNew YorkbRandom Housec2015